000 00672nam a2200205Ia 4500
003 GCL
008 140319s9999 xx 000 0 ara d
040 _aGCL /
_cGCL
082 0 4 _aق
_b932
_bح م
100 1 _aحسن محمد جوهر
245 1 0 _aمصر الخالدة : حضاراتها وحاضراتها /
_cحسن محمد جوهر
250 _aالاولى
260 _aالقاهرة :
_bالمطبعة النموذجية
300 _a157ص ؛
_c24سم
650 0 4 _aمصر القديمة
650 0 4 _aالحضارة المصرية القديمة
650 0 4 _aمصر - تاريخ
650 0 4 _aمصر القديمة - تاريخ
942 _2ddc
_cBK
999 _c42325
_d42325